000 00647nam a2200193 a 4500
001 000023824
005 20200930022508.0
008 110113s1981 ve r 000 0 spa d
020 _a8440072589
040 _aDO-SdBNP
_bspa
_cBNPHU
082 _a860
_bC965c, 1981
100 1 _aCué-S. J. , Ramón
_949034
245 1 0 _aCómo llora sevilla :
_b(interpretación de la samana santa) /
_cRamón Cué-S. J.
250 _a14a ed.
260 _aMadrid, (España) :
_bTalleres Sucesores de Rivadeneyra,
_c1981.
300 _a127, [4] p. ;
_c21 cm.
650 4 _aLiteratura española
_9632
650 4 _aLiteratura española
_xColecciones de escritos
_98735
999 _c23320
_d23320